000 01115nas a2200361 4500
001 BR2012008693
003 BR-BrBNA
005 20231205121433.0
007 ta
008 230509b bl.|||p| |||| 00| 00por d
040 _aBR-BrBNA
_bpor
_cBiblioteca Nacional de Agricultura
041 _a(Pt)
072 _aL73
100 1 _aYamasaki, E.M.
100 1 _aTokarnia, C.H.
100 1 _aGalvão, A.
100 1 _aGomes, M.J.P.
100 1 _aChies, J.A.B.
100 1 _aVeit, T.D.
100 1 _aAragão, A.P.
100 1 _aBrito, M.F.
245 1 _aAspectos clínico-patológicos e controle da paratuberculose em rebanho bovino leiteiro
246 1 _aClinic-pathological aspects and control of paratuberculosis in a dairy cattle herd
650 _aGADO LEITEIRO
650 _aPARATUBERCULOSE
650 _aDOENÇA ANIMAL
650 _aBACTÉRIA
650 _aDIAGNÓSTICO
650 _aTRATAMENTO
773 0 _tPesquisa Veterinária Brasileira (Brazil)
_xISSN 0100-736X
_g(Nov 2010), v. 30(11) p. 921-932
_wBR2012008693
909 _a202311
_bLúcia
_c55
_dLúcia Elande
942 _2AGRIS
_n0
_cANA
999 _c223576
_d223576